study on fasciola in cattle at slcghterhouse in phnom penh and kandal province (សិក្សាអំពីជំងឺ fasciola លើគោនៅទីសត្តឃាដរាជធានីភ្នំពេញ និង ខេត្តកណ្តាល) (Record no. 2626)
[ view plain ]
| 000 -LEADER | |
|---|---|
| fixed length control field | 00624nam a22001577a 4500 |
| 003 - CONTROL NUMBER IDENTIFIER | |
| control field | OSt |
| 005 - DATE AND TIME OF LATEST TRANSACTION | |
| control field | 20151024150557.0 |
| 008 - FIXED-LENGTH DATA ELEMENTS--GENERAL INFORMATION | |
| fixed length control field | 151024b xxu||||| |||| 00| 0 eng d |
| 040 ## - CATALOGING SOURCE | |
| Transcribing agency | RUA |
| 082 ## - DEWEY DECIMAL CLASSIFICATION NUMBER | |
| Classification number | AVM UM 2013 B106 Or.1 |
| 100 ## - MAIN ENTRY--PERSONAL NAME | |
| 9 (RLIN) | 2807 |
| Personal name | UM, SOKNY. |
| 245 ## - TITLE STATEMENT | |
| Title | study on fasciola in cattle at slcghterhouse in phnom penh and kandal province (សិក្សាអំពីជំងឺ fasciola លើគោនៅទីសត្តឃាដរាជធានីភ្នំពេញ និង ខេត្តកណ្តាល) |
| 260 ## - PUBLICATION, DISTRIBUTION, ETC. (IMPRINT) | |
| Place of publication, distribution, etc. | Phnom Penh |
| Name of publisher, distributor, etc. | RUA |
| Date of publication, distribution, etc. | 2013 |
| 300 ## - PHYSICAL DESCRIPTION | |
| Extent | xi, 47p. |
| Other physical details | ill. |
| Dimensions | 29cm. |
| 942 ## - ADDED ENTRY ELEMENTS (KOHA) | |
| Source of classification or shelving scheme | |
| Koha item type | AVM |
| Price effective from | Date last seen | Permanent Location | Not for loan | Date acquired | Source of classification or shelving scheme | Koha item type | Lost status | Withdrawn status | Total Renewals | Date last checked out | Total Checkouts | Shelving location | Damaged status | Barcode | Current Location | Full call number |
|---|---|---|---|---|---|---|---|---|---|---|---|---|---|---|---|---|
| 2015-10-24 | 2015-10-24 | Library Block B | 2015-10-24 | AVM | B106 | RUA018166 | Library Block B | AVM UM 2013 B106 Or.1 | ||||||||
| 2015-10-24 | 2015-10-24 | Library Block B | 2015-10-24 | AVM | B106 | RUA018238 | Library Block B | AVM UM 2013 B106 Or.2 | ||||||||
| 2015-10-24 | 2015-10-24 | Library Block B | 2015-10-24 | AVM | B106 | RUA016365 | Library Block B | AVM UM 2013 B106 Or.3 | ||||||||
| 2015-10-24 | 2018-01-29 | Library Block B | 2015-10-24 | AVM | 4 | 2017-10-24 | 4 | B106 | RUA016437 | Library Block B | AVM UM 2013 B106 Or.4 | |||||
| 2015-10-24 | 2018-03-16 | Library Block B | 2015-10-24 | AVM | 2018-02-23 | 1 | B106 | RUA016287 | Library Block B | AVM UM 2013 B106 Or.5 | ||||||
| 2015-10-24 | 2018-02-28 | Library Block B | 2015-10-24 | AVM | 2018-01-13 | 2 | B106 | RUA016277 | Library Block B | AVM UM 2013 B106 Or.6 | ||||||
| 2015-10-24 | 2016-07-08 | Library Block B | 2015-10-24 | AVM | 2016-05-26 | 1 | B106 | RUA016499 | Library Block B | AVM UM 2013 B106 Or.7 | ||||||
| 2015-10-24 | 2017-01-23 | Library Block B | 2015-10-24 | AVM | 2017-01-21 | 1 | B106 | RUA016498 | Library Block B | AVM UM 2013 B106 Or.8 | ||||||
| 2019-06-19 | 2019-06-19 | Library Block B | 2019-06-19 | AVM | B1.238 | A37544 | Library Block B | AVM UM 2013 B1.238 Or.1 |